00217nam a2200085Ia 4500008004100000041000800041082001600049100002100065245004500086240625s9999 xx 000 0 und d aeng a658.421 BRA aBRANDT RICHARD L aCAPITAL INSTINCTS LIFE AS AN ENTREPRENEU